Poisonous tales: A forensic examination of poisons in fiction (Record no. 394387)

MARC details
000 -LEADER
fixed length control field 00544 a2200193 4500
005 - DATE & TIME
control field 20260128102258.0
008 - FIXED-LENGTH DATA ELEMENTS--GENERAL INFORMATION
fixed length control field 260127b |||||||| |||| 00| 0 eng d
020 ## - ISBN
International Standard Book Number 9781839161438
Price £ 24.00
040 ## - CATALOGING SOURCE
Original cataloging agency VIVEKANANDA LIBRARY
082 ## - DDC NUMBER
Classification number 363.259
Book Number H184P
100 ## - MAIN ENTRY--PERSONAL NAME
Personal name Hamnett, Hilary
245 ## - TITLE STATEMENT
Title Poisonous tales: A forensic examination of poisons in fiction
260 ## - PUBLICATION, DISTRIBUTION, ETC. (IMPRINT)
Name of publisher, distributor, etc Royal Society of Chemistry
Date of publication, distribution, etc 2023
Place of publication, distribution, etc Croydon
300 ## - PHYSICAL DESCRIPTION
Pages xlvii, 291
650 ## - Subject
Subject Forensic Science
650 ## - Subject
Subject Forensic Taxicology
650 ## - Subject
Subject Poisons
942 ## - ADDED ENTRY ELEMENTS (KOHA)
Koha item type Books
Holdings
Withdrawn status Lost status Source of classification or shelving scheme Damaged status Not for loan Location (home branch) Sublocation or collection (holding branch) Shelving location Date acquired Koha issues (times borrowed) Koha full call number Accession No. Koha date last seen Koha item type
    Dewey Decimal Classification     VIVEKANANDA LIBRARY VIVEKANANDA LIBRARY Vivekananda Library 07/01/2026   363.259 H184P 443932 07/01/2026 Books
© Designed and Maintained by Vivekananda Library, MDU Rohtak